000
00243nam a2200109Ia 4500
008
201231s9999 xx 000 0 und d
100
_a
UNESCO
245
0
_a
World Education Report 1995
260
_a
Oxford
_b
UNESCO
300
_a
174
942
_c
BK
999
_c
9192
_d
9192